|
|
|
|
| LEADER |
01191nam a22002657a 4500 |
| 001 |
33709 |
| 003 |
BD-DhAAL |
| 005 |
20180913124947.0 |
| 008 |
180913t2018 bg a|||| ||||f00| 0 eng d |
| 999 |
|
|
|c 39994
|d 39994
|
| 040 |
|
|
|a BD-DhAAL
|
| 082 |
|
|
|a 363.7387495492
|2 23
|
| 245 |
|
|
|a Climate financing for sustainable development :
|b budget report 2018-19
|
| 260 |
|
|
|a Dhaka :
|b Finance division, Ministry of Finance, Government of the People's Republic of Bangladesh,
|c 2018
|
| 300 |
|
|
|a 88 pages :
|b illustrations ;
|c 24 cm
|
| 526 |
|
|
|a AAL
|
| 541 |
|
|
|a Development Book Agency
|e 33709
|
| 650 |
|
|
|a Climatic changes
|z Bangladesh
|9 28093
|
| 650 |
|
|
|a Climatic changes
|x Government policy
|z Bangladesh
|x Planning
|9 28095
|
| 650 |
|
|
|a Sustainable development
|z Bangladesh
|9 28096
|
| 650 |
|
|
|a Budget
|z Bangladesh
|9 28102
|
| 710 |
|
|
|a Government of the People's Republic of Bangladesh,
|b Ministry of Finance,
|b Finance division
|9 28094
|
| 852 |
|
|
|a Ayesha Abed Library
|c General Stacks
|
| 942 |
|
|
|2 ddc
|c BK
|
| 952 |
|
|
|0 0
|1 0
|2 ddc
|4 0
|6 363_738749549200000_CLI
|7 0
|9 64278
|a BRACUL
|b BRACUL
|c GEN
|d 2018-08-28
|e Development Book Agency
|g 100.00
|l 0
|o 363.7387495492 CLI
|p 3010033709
|r 2018-08-28
|t 1
|v 100.00
|w 2018-08-28
|y BK
|